| 000 | 00965nam a22002777a 4500 | ||
|---|---|---|---|
| 003 | BD-DhSAU | ||
| 005 | 20181206151242.0 | ||
| 008 | 161006b2016 bg ad||| |||| 00| 0 eng d | ||
| 040 | _aBD-DhSAU | ||
| 082 |
_222 _a630 _bP4359 |
||
| 100 |
_aPervin , Mst. Lata _4Registration No:15-06967 |
||
| 245 |
_aImpact of added foliar spray of Urea and Boron on growth and yield of Mungbean / _cPervin , Mst. Lata _bMs Thesis |
||
| 260 |
_aDhaka : Sher- e- Bangla Agricultural University : _bDepartment of Agronomy , _c2016 |
||
| 300 |
_aix, 88 p. : _bill. ; _c30 cm. |
||
| 504 | _aIncludes bibliographical references. | ||
| 590 | _aShofi | ||
| 650 | _aAgronomy | ||
| 650 | _aImpact | ||
| 650 | _aUrea | ||
| 650 | _a Boron | ||
| 650 | _aMungbean | ||
| 700 |
_a Karim , Md. Fazlul _4Supervisor |
||
| 700 |
_a Roy , Tuhin Suvra _4Co-Supervisor |
||
| 856 |
_uhttp://archive.saulibrary.edu.bd:8080/xmlui/handle/123456789/588 _yOnline Access |
||
| 942 |
_2ddc _cTHESIS |
||
| 999 |
_c14186 _d14185 |
||